[Event "Vinkovci"]
[Site "Vinkovci"]
[Date "1993.??.??"]
[Round "?"]
[White "Sax, Gyula"]
[Black "Kozul, Zdenko"]
[Result "1-0"]
[WhiteElo "2515"]
[BlackElo "2595"]

1.e4 c5 2.Nf3 Nc6 3.d4 cxd4 4.Nxd4 Nf6 5.Nc3 d6 6.Bg5 e6 7.Qd2 a6 8.O-O-O Bd7
9.f4 b5 10.Bxf6 gxf6 11.Kb1 Qb6 12.Nce2 Na5 13.Ng3 h5 14.Be2 Nc4 15.Qc3 h4
16.Nh5 Rh6 17.g4 Be7 18.g5 fxg5 19.fxg5 Bxg5 20.Rhg1 Qc5 21.Bxc4 bxc4 22.e5 Qxe5
23.Rde1 Qc5 24.Nf5 Rxh5 25.Rxg5 O-O-O 26.Ne7+ Kc7 27.Rxc5+ Rxc5 28.Qf6 Be8
29.Ng8 h3 30.Qe7+ Kc8 31.Qa7 Rc7 32.Qxa6+ Kb8 33.Qb6+ Kc8 34.Nf6 Bc6 35.a4 Bg2
36.a5 d5 37.a6 d4 38.a7 Bb7 39.Rd1 d3 40.cxd3 cxd3 41.Qe3  1-0

[Event "Vinkovci"]
[Site "Vinkovci"]
[Date "1993.??.??"]
[Round "?"]
[White "Palac, Mladen"]
[Black "Lisenko, Alexander V"]
[Result "1/2-1/2"]
[WhiteElo "2485"]
[BlackElo "2410"]

1.e4 c5 2.Nf3 Nc6 3.d4 cxd4 4.Nxd4 Nf6 5.Nc3 d6 6.Bg5 e6 7.Qd2 Be7 8.O-O-O Nxd4
9.Qxd4 O-O 10.f4 Qa5 11.Bc4 Bd7 12.e5 dxe5 13.fxe5 Bc6 14.Bd2 Nd7 15.Nd5 Qd8
16.Nxe7+ Qxe7 17.Rhe1 Rfd8 18.Qg4 Nf8 19.Bd3 Rxd3 20.cxd3 Qd7 21.Bb4 Qd5
22.Bxf8 Rxf8 23.Kb1 Qxg2 24.Qxg2 Bxg2 25.Rc1 Bc6 26.Rc4 Rd8 27.Kc2 g6 28.Kc3 Kg7
29.b4 h6 30.Rc5 a6 31.Ra1 g5 32.a4 Bf3 33.Rc7 Kg6 34.d4 Rf8 35.Rf1 g4 36.Kd2 f5
37.exf6 Rxf6 38.Re7 h5 39.Ke3 h4 40.Rf2 Bc6 41.Rf4 Rxf4 42.Kxf4 g3 43.hxg3 Kf6
44.Rh7 hxg3 45.Kxg3 Kf5 46.b5 axb5 47.axb5 Bd5 48.Rh4 b6 49.Rf4+ Kg5 50.Rf1 Bc4
51.Re1 Kf6 52.Kf4 Bxb5 53.Rb1 Bc4 54.Rxb6 Bd5 55.Rb2 Bc4 56.Rh2 Bd3 57.Rh6+ Bg6
58.Kg4 Kf7 59.Kg5 Bf5 60.Rh8 Ke7 61.Rb8 Kd6 62.Rb5 Bd3 63.Ra5 Bc4 64.Kf6 Bb3
65.Ra3 Bc4 66.Ra5 Bb3 67.Kg7 Bc4 68.Kf8 Bb3 69.Ke8 Bc4 70.Kd8 Bb3 71.Kc8 Bc4
72.Kb7 Bd5+ 73.Ka7 Kc6 74.Ra3 Be4 75.Ra5 Bd5 76.Kb8 Bf3 77.Kc8 Kd6 78.Kd8 Be4
79.Ke8 Bd3 80.Kf7 Bc2 81.Kf6  1/2-1/2

[Event "Vinkovci"]
[Site "Vinkovci"]
[Date "1993.??.??"]
[Round "?"]
[White "Palac, Mladen"]
[Black "Kozul, Zdenko"]
[Result "0-1"]
[WhiteElo "2485"]
[BlackElo "2595"]

1.e4 c5 2.Nf3 Nc6 3.d4 cxd4 4.Nxd4 Nf6 5.Nc3 d6 6.Bg5 e6 7.Qd2 a6 8.O-O-O Bd7
9.f4 b5 10.Bxf6 gxf6 11.f5 Nxd4 12.Qxd4 Bh6+ 13.Kb1 Bf4 14.fxe6 fxe6 15.Ne2 Be5
16.Qd2 Bc6 17.Nd4 Bxe4 18.Nxe6 Qe7 19.Nf4 f5 20.Bd3 O-O 21.Rhe1 Bc6 22.c3 Kh8
23.Bc2 Rae8 24.Qf2 Qg7 25.g3 Qb7 26.Nd3 Bf3 27.Rc1 Bg7 28.Qd2 a5 29.Rxe8 Rxe8
30.Nf4 b4 31.cxb4 axb4 32.Qxd6 b3 33.axb3 Ra8 34.Re1 Be4 35.Bxe4 Qxb3 36.Re2 fxe4
37.Qd5 Qa4 38.Rxe4 Qa1+ 39.Kc2 Qxb2+ 40.Kd3 Ra3+  0-1

[Event "Voskresensk2"]
[Site "Voskresensk"]
[Date "1993.??.??"]
[Round "?"]
[White "Nadanian, Ashot"]
[Black "Kozlov, Vladimir N"]
[Result "1/2-1/2"]
[WhiteElo "2285"]
[BlackElo "2280"]

1.e4 c5 2.Nf3 Nc6 3.d4 cxd4 4.Nxd4 Nf6 5.Nc3 d6 6.Bg5 e6 7.Qd2 a6 8.O-O-O h6
9.Bf4 Bd7 10.Nxc6 Bxc6 11.f3 d5 12.Qe1 Bb4 13.a3 Ba5 14.Bd2 O-O 15.exd5 Nxd5
16.Nxd5 Bxd2+ 17.Rxd2 Bxd5 18.Bc4 Qg5 19.Bxd5 exd5 20.Kb1 Rad8 21.Qf2 Rd6
22.Rhd1 Rfd8 23.Rd4 b5 24.Qd2 Qxd2 25.R1xd2 f5 26.a4 bxa4 27.c4 Kf7 28.cxd5 g5
29.Ka2 Rb8 30.Ka3 Rb5 31.Kxa4 f4 32.b4 Kf6 33.Kb3 Ke7 34.Kc4 Rdb6 35.Re4+ Kd7
36.Kc3 a5 37.bxa5 Rxa5 38.Rb4 Rc5+ 39.Kd4 Rxd5+ 40.Kxd5 Rd6+ 41.Ke5 Rxd2
42.Rb7+ Ke8 43.Rh7 Rxg2 44.Rxh6 g4  1/2-1/2

[Event "Wattens op"]
[Site "Wattens"]
[Date "1993.??.??"]
[Round "?"]
[White "Lawitsch, Guenther"]
[Black "Mednis, Edmar John"]
[Result "0-1"]
[WhiteElo "2150"]
[BlackElo "2440"]

1.e4 c5 2.Nf3 Nc6 3.d4 cxd4 4.Nxd4 Nf6 5.Nc3 d6 6.Bg5 e6 7.Qd2 a6 8.O-O-O Bd7
9.f4 b5 10.Nxc6 Bxc6 11.Qe3 Be7 12.Bxf6 Bxf6 13.e5 Be7 14.exd6 Bxd6 15.Ne4 Bxe4
16.Qxe4 O-O 17.Bd3 g6 18.Kb1 Qc7 19.Rhf1 Rad8 20.g4 Bc5 21.f5 exf5 22.gxf5 Rfe8
23.Qg2 Qe7 24.h4 Bd4 25.c4 Bg7 26.fxg6 fxg6 27.cxb5 axb5 28.h5 gxh5 29.Rf5 Rxd3
30.Rg1 Qd7 31.Qf1 Rd1+ 32.Qxd1 Qxf5+ 33.Ka1 Qe5 34.Qb3+ Kh8 35.a3 Rd8  0-1

[Event "Zagreb Vukovar"]
[Site "Zagreb"]
[Date "1993.??.??"]
[Round "5"]
[White "Palac, Mladen"]
[Black "Spraggett, Kevin"]
[Result "1/2-1/2"]
[WhiteElo "2485"]
[BlackElo "2565"]

1.e4 c5 2.Nf3 d6 3.d4 cxd4 4.Nxd4 Nf6 5.Nc3 Nc6 6.Bg5 e6 7.Qd2 a6 8.O-O-O h6
9.Be3 Bd7 10.f4 Be7 11.Be2 b5 12.Bf3 Rc8 13.Nb3 Na5 14.e5 b4 15.Qf2 Nxb3+
16.axb3 Qa5 17.Na4 dxe5 18.Bb6 Qb5 19.Rhe1 e4 20.Bxe4 Nxe4 21.Rxe4 O-O 22.Re5 Qc6
23.Bc5 Bxc5 24.Rxc5 Qb7 25.Rxd7 Qxd7 26.Nb6 Qb7 27.Nxc8 Rxc8 28.Rxc8+ Qxc8
29.g3 Qc6 30.Kb1 Qd5 31.h4 e5 32.fxe5 Qxe5 33.Qf3 f5 34.Ka2 a5 35.c4 bxc3
36.bxc3 g5 37.hxg5 hxg5 38.c4 f4 39.gxf4 gxf4 40.c5  1/2-1/2

[Event "Aarhus-C"]
[Site "Aarhus"]
[Date "1994.??.??"]
[Round "3"]
[White "Jensen, Vagn"]
[Black "Ziska, Bogi"]
[Result "1/2-1/2"]
[WhiteElo "2250"]
[BlackElo "2210"]

1.e4 c5 2.Nf3 Nc6 3.d4 cxd4 4.Nxd4 Nf6 5.Nc3 d6 6.Bg5 e6 7.Qd2 a6 8.O-O-O Bd7
9.f4 h6 10.Bh4 g5 11.fxg5 Ng4 12.Be2 Nge5 13.Nf3 Be7 14.Bg3 hxg5 15.Rhf1 f6
16.h4 gxh4 17.Nxh4 Qc7 18.Rh1 O-O-O 19.Nf5 exf5 20.Nd5 Qb8 21.Nb6+ Kc7 22.Nd5+ Kc8
23.Qc3 Rhe8 24.Nb6+ Kc7 25.Nd5+ Kc8 26.Rh7 Bf8 27.Nb6+ Kc7 28.Nd5+ Kc8 29.Nb6+  1/2-1/2

[Event "Alcobendas op"]
[Site "Alcobendas"]
[Date "1994.??.??"]
[Round "3"]
[White "Rodriguez, Andres"]
[Black "Corral Blanco, Juan A"]
[Result "0-1"]
[WhiteElo "2265"]
[BlackElo "2395"]

1.e4 c5 2.Nf3 Nc6 3.d4 cxd4 4.Nxd4 Nf6 5.Nc3 d6 6.Bg5 Qa5 7.Bb5 Bd7 8.Nb3 Qd8
9.Be2 a6 10.a4 Na5 11.Nxa5 Qxa5 12.Qd2 Bc6 13.O-O e6 14.Be3 Qb4 15.Bd3 Ng4
16.Bf4 Be7 17.a5 Bf6 18.Na4 Qxd2 19.Bxd2 Ne5 20.Nb6 Rd8 21.Bc3 Nxd3 22.cxd3 d5
23.Bxf6 gxf6 24.f3 dxe4 25.dxe4 Rg8 26.Rfd1 f5 27.Rxd8+ Kxd8 28.exf5 Bxf3
29.Kf2 Bc6 30.g3 exf5 31.Rd1+ Ke7 32.Nd5+ Ke6 33.Nf4+ Ke5 34.Nd3+ Kf6 35.Nc5 Ke7
36.Ke3 Rg4 37.Rf1 Rb4 38.b3 Be4 39.Rf4 Kd6 40.Nxe4+ Rxe4+ 41.Kd2 Rxf4 42.gxf4 Kc6
43.Kd3 Kb5 44.Kd4 Kxa5  0-1

[Event "Alushta2"]
[Site "Alushta"]
[Date "1994.??.??"]
[Round "1"]
[White "Timoshenko, Georgy"]
[Black "Moskalenko, Viktor"]
[Result "1-0"]
[WhiteElo "2520"]
[BlackElo "2535"]

1.e4 c5 2.Nf3 Nc6 3.d4 cxd4 4.Nxd4 Nf6 5.Nc3 d6 6.Bg5 e6 7.Qd2 a6 8.O-O-O h6
9.Be3 d5 10.exd5 exd5 11.f3 Bb4 12.a3 Bxc3 13.Qxc3 Nxd4 14.Bxd4 Be6 15.g4 Rc8
16.Qd2 O-O 17.Bd3 Nd7 18.f4 Nc5 19.Kb1 Nxd3 20.cxd3 Bd7 21.f5 Qg5 22.Qf2 Rfe8
23.Rhg1 Ba4 24.h4 Qe7 25.Rd2 Rc6 26.g5 h5 27.Qf3 Qd7 28.g6 fxg6 29.fxg6 Rf8
30.Qxh5  1-0

[Event "Amstelveen"]
[Site "Amstelveen"]
[Date "1994.??.??"]
[Round "6"]
[White "Los, Sander"]
[Black "Reeh, Oliver"]
[Result "1-0"]
[WhiteElo "2340"]
[BlackElo "2430"]

1.e4 c5 2.Nf3 d6 3.d4 cxd4 4.Nxd4 Nf6 5.Nc3 Nc6 6.Bg5 e6 7.Qd2 Be7 8.O-O-O O-O
9.Nb3 Qb6 10.f3 Rd8 11.Kb1 a6 12.Be3 Qc7 13.Qf2 Nd7 14.h4 b5 15.g4 Nce5 16.Bg5 Nf6
17.Bxf6 Bxf6 18.g5 Be7 19.f4 Nc4 20.h5 b4 21.Na4 Bd7 22.h6 g6 23.Bxc4 Bxa4
24.Qd4 Bf8 25.f5 d5 26.exd5 exf5 27.Nd2 Bb5 28.Rhe1 Rac8 29.b3 Qg3 30.Re3 Qxg5
31.Nf3 Qxh6 32.Ne5 Bc5 33.Nxf7 Qf8 34.Qh8+ Kxf7 35.d6+ Bxc4 36.Re7+ Qxe7
37.Qxh7+ Kf8 38.Qxe7+ Kg8 39.bxc4 Rf8 40.Qe6+  1-0

[Event "AUT-ch"]
[Site "Austria"]
[Date "1994.??.??"]
[Round "8"]
[White "Klug, Robert"]
[Black "Steiner, Heinz"]
[Result "1/2-1/2"]
[WhiteElo "2105"]
[BlackElo "2150"]

1.e4 c5 2.Nf3 d6 3.d4 cxd4 4.Nxd4 Nf6 5.Nc3 Nc6 6.Bg5 Bd7 7.Qd2 Nxd4 8.Qxd4 Qa5
9.Bd2 Qe5 10.Qxe5 dxe5 11.f3 e6 12.Nb5 Rc8 13.O-O-O a6 14.Nc3 Bc5 15.Kb1 Ke7
16.Bd3 b5 17.Ne2 Bc6 18.Nc1 Nd7 19.Nb3 Bd6 20.Be3 Bc7 21.Rhe1 f6 22.c3 h5
23.Nc5 Nxc5 24.Bxc5+ Kf7 25.Bc2 h4 26.h3 Rcd8 27.Bf2 g5 28.Kc1 Kg6 29.Rxd8 Rxd8
30.Rd1 f5 31.Rxd8 Bxd8 32.Kd1 Bd7 33.Ke2 Kh5 34.Be3 g4 35.Kf2 g3+ 36.Ke2 Kg6
37.Bd3 Bc6 38.Bc5 Kf6 39.b3 Ba5 40.c4 Bd8 41.Bd6 Bb6 42.c5 Ba5 43.Bc2 Bb4  1/2-1/2

[Event "AUT-chT"]
[Site "?"]
[Date "1994.??.??"]
[Round "?"]
[White "Schlosser, Michael"]
[Black "Loebler, Heimo"]
[Result "1-0"]
[WhiteElo "2400"]
[BlackElo "2290"]

1.e4 c5 2.Nf3 Nc6 3.d4 cxd4 4.Nxd4 Nf6 5.Nc3 d6 6.Bg5 e6 7.Qd2 a6 8.O-O-O h6
9.Be3 Be7 10.f4 Bd7 11.Bd3 b5 12.h3 Nxd4 13.Bxd4 b4 14.Ne2 e5 15.Bf2 Qa5
16.Kb1 O-O 17.g4 Be6 18.b3 d5 19.f5 dxe4 20.fxe6 exd3 21.exf7+ Rxf7 22.Qxd3 Nxg4
23.hxg4 Rxf2 24.Qc4+ Kh8 25.Qc6 Rd8 26.Ng3 Rxd1+ 27.Rxd1 Qc5 28.Qxc5 Bxc5
29.Ne4 Bd4 30.Nxf2 Bxf2 31.Rd6 a5 32.Kc1 Kg8 33.Kd2 Kf7 34.Ra6 Bd4 35.Kd3 g6
36.Ke4 Kg7 37.Rxa5 Kf6 38.a4 Kg5 39.Rxe5+ Bxe5 40.Kxe5 Kxg4 41.a5  1-0

[Event "AUT-chT2S 9394"]
[Site "AUT"]
[Date "1994.??.??"]
[Round "?"]
[White "Siklosi, Zoltan"]
[Black "Grosar, Aljosa"]
[Result "0-1"]
[WhiteElo "2390"]
[BlackElo "2470"]

1.e4 c5 2.Nf3 d6 3.d4 cxd4 4.Nxd4 Nf6 5.Nc3 Nc6 6.Bg5 e6 7.Qd2 a6 8.O-O-O Bd7
9.f4 b5 10.Bxf6 gxf6 11.f5 Nxd4 12.Qxd4 Bh6+ 13.Kb1 Bf4 14.fxe6 fxe6 15.Ne2 Be5
16.Qd2 Qb6 17.Nf4 Ke7 18.Nd3 Qd4 19.g3 Rab8 20.Bg2 b4 21.Qh6 Rbg8 22.Nxe5 Qxe5
23.Rd2 Rg6 24.Qe3 Rc8 25.Rhd1 Rc6 26.Qa7 Rg8 27.Qb7 a5 28.Rd5 exd5 29.Bh3 Rd8
30.Bxd7 Rxd7 31.Qxc6 dxe4 32.Rd5 Qe6 33.Rh5 Kf8 34.Qa8+ Kg7 35.Qxa5 e3 36.Qxb4 e2
37.Qe1 Re7 38.a4 Qe3 39.Rh4 Re5 40.Rg4+ Kf7 41.c3 Rf5 42.Rf4 Rxf4 43.gxf4 Qe4+
44.Kc1 Qxf4+ 45.Kc2 Qxa4+ 46.b3 Qa2+ 47.Kd3 Qxb3 48.Qxe2 Qd5+  0-1

[Event "Bad Ragaz op"]
[Site "Bad Ragaz"]
[Date "1994.??.??"]
[Round "4"]
[White "Polzin, Rainer"]
[Black "Wagner Michel, Annett"]
[Result "1-0"]
[WhiteElo "2375"]
[BlackElo "2180"]

1.e4 c5 2.Nf3 Nc6 3.d4 cxd4 4.Nxd4 Nf6 5.Nc3 d6 6.Bg5 e6 7.Bb5 Bd7 8.Bxc6 Bxc6
9.Nxc6 bxc6 10.Qd3 Qa5 11.Bxf6 gxf6 12.O-O Be7 13.Nd1 d5 14.c4 Rd8 15.Ne3 d4
16.Nc2 h5 17.a3 Qg5 18.f4 Qg4 19.b4 Rg8 20.Ne1 Bd6 21.Qf3 Kf8 22.Nd3 f5 23.e5 Qxf3
24.Rxf3 Be7 25.c5 Ke8 26.Nb2 f6 27.Nc4 Rd5 28.Rd1 Kf7 29.Rfd3 Rgd8 30.Na5 Rc8
31.Rxd4 fxe5 32.Rxd5 exd5 33.fxe5 Ke6 34.Nb3 Bh4 35.Nd4+  1-0

[Event "Badenweiler op"]
[Site "Badenweiler"]
[Date "1994.??.??"]
[Round "3"]
[White "Bach, Edwin"]
[Black "Schlosser, Philipp"]
[Result "1/2-1/2"]
[WhiteElo "2245"]
[BlackElo "2540"]

1.e4 c5 2.Nf3 d6 3.d4 cxd4 4.Nxd4 Nf6 5.Nc3 Nc6 6.Bg5 e6 7.Qd2 a6 8.O-O-O h6
9.Bf4 Bd7 10.Nxc6 Bxc6 11.Qe1 Be7 12.e5 Nh5 13.Be3 Qc7 14.Be2 g6 15.Bxh5 gxh5
16.exd6 Bxd6 17.f3 O-O-O 18.Qh4 Qa5 19.Kb1 Be5 20.Bd2 Rd4 21.Ne4 Rhd8 22.Qe1 Qc7
23.Nf2 R4d5 24.Bb4 Bxh2 25.Rxd5 Rxd5 26.Nd3 Bg3 27.Qe3 h4 28.Qxh6 Kb8 29.Bd2 e5
30.Bg5 Bb5 31.Qh8+ Ka7 32.Bxh4 Bxd3 33.cxd3 Bxh4 34.Qxh4 Rxd3 35.Qf2+ Rd4
36.Rc1 Qb6 37.a3 f5 38.Qc2 e4 39.fxe4 Rxe4 40.Qc5 Re2 41.Qxb6+ Kxb6 42.Rf1 Rxg2  1/2-1/2

[Event "Balatonbereny op"]
[Site "Balatonbereny"]
[Date "1994.??.??"]
[Round "2"]
[White "Sziraki, Tamas"]
[Black "Videki, Sandor"]
[Result "0-1"]
[WhiteElo "2260"]
[BlackElo "2435"]

1.e4 c5 2.Nf3 d6 3.d4 cxd4 4.Nxd4 Nf6 5.Nc3 Nc6 6.Bg5 Bd7 7.Qd2 Rc8 8.f4 Nxd4
9.Qxd4 Qa5 10.e5 dxe5 11.fxe5 e6 12.O-O-O Bc6 13.Bc4 Nd7 14.Rhe1 b5 15.Bb3 h6
16.Bh4 Qb4 17.g4 Qxd4 18.Rxd4 Nc5 19.Nd1 a5 20.c3 Nxb3+ 21.axb3 Bc5 22.Rd2 Bd5
23.Kc2 a4 24.bxa4 bxa4 25.Kb1 O-O 26.Ne3 Bb3 27.Nc2 Rc7 28.Red1 Bd5 29.Bf2 Be7
30.Ne3 Bc6 31.Rd4 Kh7 32.Rc4 Rb8 33.Ka1 Rbb7 34.Rdd4 a3 35.b4 Bb5 36.Rxc7 Rxc7
37.Be1 Bg5 38.Nc2 Bc1 39.Ka2 Bc4+ 40.Kb1 Bb2 41.Ne3 Ra7 42.Nc2 Bb3 43.Na1 Ba4
44.Rd3 Bb5 45.Re3 Rd7 46.Nb3 Rd1+ 47.Kc2 Ba4  0-1

[Event "Barcelona UGA"]
[Site "Barcelona"]
[Date "1994.??.??"]
[Round "10"]
[White "Rahal, Michael"]
[Black "Oms Pallise, Josep"]
[Result "1-0"]
[WhiteElo "2310"]
[BlackElo "2305"]

1.e4 c5 2.Nf3 d6 3.d4 cxd4 4.Nxd4 Nf6 5.Nc3 Nc6 6.Bg5 e6 7.Qd2 a6 8.O-O-O Bd7
9.f3 Rc8 10.Kb1 Be7 11.h4 Nxd4 12.Qxd4 b5 13.g4 h6 14.Be3 Qc7 15.Qd2 d5 16.e5 b4
17.Ne2 d4 18.exf6 dxe3 19.Qxd7+ Qxd7 20.Rxd7 Kxd7 21.fxe7 Kxe7 22.Ng3 a5
23.Bd3 g5 24.Kc1 Kd6 25.Kd1 Kc5 26.Ke2 Kd4 27.h5 Rc5 28.Rd1 Rf8 29.Ne4 Rc7
30.Nd6 Kd5 31.Nb5 Rc5 32.Kxe3 Ke5 33.Re1 Rd8 34.Kf2+ Kf6 35.a4 Kg7 36.b3 Rd7
37.Re4 Rcd5 38.Ke3 e5 39.Rc4 Rd8 40.Rc6 R8d7 41.Ra6  1-0

[Event "Oberliga Bayern9394"]
[Site "Bayern"]
[Date "1994.??.??"]
[Round "?"]
[White "Speckner, Roland"]
[Black "Rosenberger, Berthold"]
[Result "1-0"]
[WhiteElo "2260"]
[BlackElo "2300"]

1.e4 c5 2.Nf3 d6 3.d4 cxd4 4.Nxd4 Nf6 5.Nc3 Nc6 6.Bg5 e6 7.Qd2 a6 8.O-O-O Bd7
9.f4 h6 10.Bh4 g5 11.fxg5 Ng4 12.Nf3 Be7 13.Bg3 hxg5 14.Be2 Nge5 15.Kb1 Nxf3
16.gxf3 Ne5 17.Bf2 b5 18.Rdg1 b4 19.Nd1 Bb5 20.Bxb5+ axb5 21.Qxb4 Nxf3 22.Rg3 Ne5
23.Qxb5+ Qd7 24.Qe2 Qc6 25.Nc3 Kd7 26.Bd4 Rhb8 27.Rf1 Qc4 28.Bxe5 Qxe2 29.Nxe2 dxe5
30.Rd3+ Ke8 31.c3 Ra4 32.Ng3 Rba8 33.a3 g4 34.Kc2 Bg5 35.Kb3 R4a7 36.Rf2 Ke7
37.c4 Bf4 38.c5 Ra4 39.Re2 R8a5 40.Nh5 Bg5 41.Rg3 f5 42.exf5 exf5 43.Rxe5+ Kf7
44.Rd3 Kg6 45.Ng3 Rf4 46.Rd6+ Bf6 47.Nh5 Rb5+ 48.Ka2 Kxh5 49.Rxf6 Kg5 50.Rb6 Ra5
51.b4 Rf2+ 52.Kb3 Rf3+ 53.Kc4 Raxa3 54.c6 Rf2 55.Rc5 Ra8 56.c7 Rc8 57.Kb5 Rxh2
58.Rb8 Rhh8 59.Rxc8 Rxc8 60.Kc6 g3 61.b5 g2 62.Rc1 f4 63.b6 f3 64.b7 Rxc7+
65.Kxc7 f2 66.b8=Q f1=Q 67.Qg8+ Kh4 68.Rc4+ Kh3 69.Qh7+ Kg3 70.Qh4+ Kf3 71.Qf4+ Ke2
72.Rc2+ Kd3 73.Rd2+ Kc3 74.Qd4+ Kb3 75.Rb2+  1-0

[Event "Oberliga Bayern9394"]
[Site "Bayern"]
[Date "1994.??.??"]
[Round "?"]
[White "Seitz, Michael"]
[Black "Reichel, Norbert"]
[Result "1-0"]
[WhiteElo "2270"]
[BlackElo "1940"]

1.e4 c5 2.Nf3 d6 3.d4 cxd4 4.Nxd4 Nf6 5.Nc3 Nc6 6.Bg5 e6 7.Qd2 Be7 8.Nb3 d5
9.Bxf6 Bxf6 10.exd5 exd5 11.O-O-O Bxc3 12.Qxc3 O-O 13.Be2 Be6 14.Qd2 Rc8
15.Bd3 a5 16.Nc5 b5 17.Nxe6 fxe6 18.Kb1 b4 19.Rhe1 Qf6 20.f3 a4 21.c3 Rb8
22.c4 Rfd8 23.Qe2 Kf7 24.f4 Rd7 25.Qh5+ Kf8 26.Qg5 Rbd8 27.Qxf6+ gxf6 28.c5 Kf7
29.Bb5 Rc7 30.Bxa4 Na5 31.Rc1 Rdc8 32.c6 Nxc6 33.Rcd1 Ne7 34.g3 h5 35.Rd2 Rc5
36.Rde2 d4 37.Bd7 R8c7 38.Bxe6+ Kf8 39.Rd2 Nc6 40.Bb3 Na5 41.Rxd4 Nxb3 42.axb3 Rc2
43.Rxb4 Rxh2 44.Rc4 Rb7 45.Rc3 Kf7 46.Rd1 Kg6 47.Rd4 Re7 48.Rdc4 Rg2 49.b4 Ree2
50.Rb3 Re1+ 51.Rc1 Rxc1+ 52.Kxc1 Re2 53.b5 Re7 54.b6 Rb7 55.Rb5 Kf7 56.Kc2 Ke7
57.Kc3 Kd7 58.Kb4 Kc6 59.Ka5 Rb8 60.b7  1-0

[Event "Regionalliga NW9495"]
[Site "Bayern"]
[Date "1994.??.??"]
[Round "4"]
[White "Gutzeit, Kurt"]
[Black "Becker, Thomas"]
[Result "0-1"]
[WhiteElo "2035"]
[BlackElo "2120"]

1.e4 c5 2.Nf3 d6 3.d4 cxd4 4.Nxd4 Nf6 5.Nc3 Nc6 6.Bg5 Qb6 7.Bb5 Bd7 8.Bxf6 gxf6
9.Nb3 Rc8 10.a4 e6 11.a5 Qc7 12.a6 b6 13.O-O h5 14.f4 Be7 15.f5 Ne5 16.fxe6 fxe6
17.Be2 h4 18.Nb5 Bxb5 19.Bxb5+ Kf7 20.c3 Rcg8 21.Nd4 h3 22.g3 Qc5 23.Qb3 d5
24.exd5 Qxd5 25.Qxd5 exd5 26.Rae1 Rg5 27.b4 Rc8 28.Nf5 Rxc3 29.Rd1 Bxb4 30.Rxd5 Ke6
31.Rd8 Rxf5 32.Re8+ Be7 33.Rxe7+ Kxe7 34.Rxf5 Rc1+ 35.Bf1 Nf7 36.Rh5 Ng5
37.Kf2 Rc2+ 38.Be2 Ra2 39.Ke3 Ra5 40.Rh8 b5 41.Rb8 Rxa6 42.Rxb5 Ra3+ 43.Kd4 Ra2
44.Kd3 Ra1 45.Rb2 Kd6 46.Bg4 Ra3+ 47.Ke2 a5 48.Rb6+ Ke5 49.Rb5+ Kd4 50.Rf5 Ra2+
51.Kf1 Ke3 52.Bxh3 Nxh3 53.Rxf6 Rf2+ 54.Rxf2 Nxf2 55.h4 a4  0-1

[Event "Regionalliga NO9495"]
[Site "Bayern"]
[Date "1994.??.??"]
[Round "6"]
[White "Quist, Sven"]
[Black "Macht, Manfred"]
[Result "1-0"]
[WhiteElo "1960"]
[BlackElo "1980"]

1.e4 c5 2.Nf3 d6 3.d4 cxd4 4.Nxd4 Nf6 5.Nc3 Nc6 6.Bg5 e6 7.Qd2 Be7 8.O-O-O O-O
9.f4 a6 10.Be2 Qc7 11.Bf3 Rd8 12.Rhe1 Bd7 13.Nb3 Ne8 14.Bxe7 Nxe7 15.g4 Bc6
16.Qe3 Rac8 17.f5 b5 18.a3 e5 19.g5 a5 20.f6 Ng6 21.Bg4 Bd7 22.Bxd7 Rxd7
23.Rd2 Rb8 24.Nd5 Qa7 25.Qg3 a4 26.Na1 Nc7 27.Nb4 Na6 28.Nc6 Qb6 29.Nxb8 Qxb8
30.fxg7 Nc5 31.Qc3 Qb7 32.Qb4 Nf4 33.h4 Qc6 34.Kb1 Kxg7 35.Qc3 Rc7 36.Qf3 Qb6
37.c3 Qc6 38.Nc2 Nb3 39.Rdd1 Na5 40.Ne3 Rd7 41.Nf5+ Kh8 42.Ne3 Kg7 43.Nd5 Nxd5
44.Rxd5 Kg8 45.h5 Qc4 46.Qd3 Qxd3+ 47.Rxd3 Nc4 48.Rd5 Rb7 49.h6 Kf8 50.Re2 Ke7
51.Rf2 Kf8 52.Rf3 Kg8 53.Rf6 Rb6 54.Ka2 Kf8 55.b3 axb3+ 56.Kxb3 Na5+ 57.Kc2 Nc4
58.Kd3 Nb2+ 59.Kc2 Nc4 60.Kb3 Na5+ 61.Ka2 Nc4 62.Rf3 Kg8 63.Rd1 Ra6 64.Kb3 Ra4
65.Rd5 Ra8 66.Kb4 Rc8 67.Rxb5 Nd2 68.Rd3 Nxe4 69.a4 Kf8 70.a5 Ke7 71.Rb7+ Ke6
72.Re3 Nc5 73.Rb6 Kd5 74.Rf3 Nd7 75.Rb7 Kc6 76.Rxd7 Rb8+ 77.Kc4 Kxd7 78.Rxf7+ Kc6
79.Rxh7 d5+ 80.Kd3 e4+ 81.Ke3 Rf8 82.a6 Rf3+ 83.Kd2 Rf2+ 84.Ke1 Ra2 85.Rg7 Kc5
86.h7  1-0

[Event "JUG-chT Cup"]
[Site "Becici"]
[Date "1994.??.??"]
[Round "?"]
[White "Dabetic, Radojica"]
[Black "Markovic, Miroslav"]
[Result "0-1"]
[WhiteElo "2325"]
[BlackElo "2495"]

1.e4 c5 2.Nf3 Nc6 3.d4 cxd4 4.Nxd4 Nf6 5.Nc3 d6 6.Bg5 Bd7 7.Bxf6 gxf6 8.Be2 Qa5
9.Nb3 Qg5 10.g3 h5 11.h4 Qh6 12.Nd5 O-O-O 13.Qd2 f5 14.Qxh6 Bxh6 15.c3 fxe4
16.Bxh5 e6 17.Nb4 e3 18.Nxc6 Bxc6 19.O-O Rh7 20.Nd4 Bd7 21.Be2 Rg8 22.Bd3 f5
23.Ne2 exf2+ 24.Kxf2 e5 25.Bc4 Rf8 26.Rad1 Kc7 27.Bd5 f4 28.Kg2 Rg7 29.Rd3 Bg4
30.Rf2 Bf5 31.Rdf3 Rf6 32.c4 b6 33.b4 Kb8 34.b5 Rfg6 35.Rc3 Bc8 36.Rd3 Rg4
37.Bf3 fxg3 38.Rf1 e4  0-1

[Event "Belgrade Trako"]
[Site "Belgrade"]
[Date "1994.??.??"]
[Round "2"]
[White "Sahovic, Dragutin"]
[Black "Arsovic, Zoran"]
[Result "1/2-1/2"]
[WhiteElo "2435"]
[BlackElo "2325"]

1.e4 c5 2.Nf3 d6 3.d4 cxd4 4.Nxd4 Nf6 5.Nc3 Nc6 6.Bg5 e6 7.Qd2 a6 8.O-O-O h6
9.Bf4 Bd7 10.Nxc6 Bxc6 11.f3 d5 12.e5 Nd7 13.Bd3 Be7 14.Bg3 Bb5 15.Kb1 Bxd3
16.Qxd3 b5 17.f4 Nc5 18.Qf3 b4 19.Ne2 g6 20.Be1 h5 21.Bxb4 Rb8 22.Bxc5 Bxc5
23.c4 Qb6 24.Qb3 dxc4 25.Qxb6 Rxb6 26.Rc1 Ba3 27.Rc2 O-O 28.Ka1 Be7 29.Rxc4 Rd8
30.Rhc1 Rd2 31.R4c2 Rxc2 32.Rxc2 Rb4 33.a3 Re4 34.Kb1 h4 35.Kc1 h3 36.g3 Re3
37.Kd2 Rf3 38.Ke1 g5 39.Rc3 Rxc3 40.Nxc3 gxf4 41.gxf4 Bc5 42.Ke2 Bg1 43.Kf3 Bxh2
44.Ne2 f6 45.exf6 e5 46.b4 Kf7 47.a4 Kxf6 48.b5 axb5 49.axb5 Ke7 50.f5 Kf6
51.b6 e4+ 52.Kxe4 Bg1 53.b7 h2 54.Ng3 Ba7 55.Nh1 Bb8  1/2-1/2

[Event "Berliner Sommer"]
[Site "Berlin"]
[Date "1994.??.??"]
[Round "?"]
[White "Coenen, Norbert"]
[Black "Zontakh, Andrey"]
[Result "0-1"]
[WhiteElo "2315"]
[BlackElo "2440"]

1.e4 c5 2.Nf3 Nc6 3.d4 cxd4 4.Nxd4 Nf6 5.Nc3 d6 6.Bg5 e6 7.Qd2 a6 8.O-O-O h6
9.Bf4 Bd7 10.Nxc6 Bxc6 11.Qe1 Be7 12.Kb1 Qc7 13.f3 b5 14.a3 e5 15.Be3 Qb7
16.Qg3 a5 17.Qxg7 Rg8 18.Qxh6 b4 19.axb4 axb4 20.Nd5 Bxd5 21.exd5 Nxd5 22.Rd3 Nc3+
23.Rxc3 bxc3 24.b3 Qb4  0-1

[Event "Berliner Sommer"]
[Site "Berlin"]
[Date "1994.??.??"]
[Round "?"]
[White "Klovans, Janis"]
[Black "Lerner, Konstantin Z"]
[Result "1/2-1/2"]
[WhiteElo "2405"]
[BlackElo "2570"]

1.e4 c5 2.Nf3 d6 3.d4 cxd4 4.Nxd4 Nf6 5.Nc3 Nc6 6.Bg5 e6 7.Qd2 a6 8.O-O-O h6
9.Be3 Bd7 10.f3 b5 11.Kb1 Ne5 12.Bd3 Qc7 13.Nce2 d5 14.Bf4 dxe4 15.Bxe4 Nxe4
16.fxe4 f6 17.Ng3 O-O-O 18.Bxe5 fxe5 19.Nf3 Be7 20.a3 g5 21.h3 Rhg8 22.Nh2 Be8
23.Qe2 Rd4 24.Qg4 Bd7 25.Nf3 Rxd1+ 26.Rxd1 Kb8 27.Nxe5 Bc8 28.Nd3 Rf8 29.Ne2 Qb6
30.Nc3 Qc7 31.Ne2 Ka8 32.Qh5 Qc6 33.Nc3 a5 34.Qxh6 b4 35.axb4 axb4 36.Nd5 Bd6
37.N5xb4 Qxe4 38.Na2 Qxg2 39.Nc3 Rf1 40.Rxf1 Qxf1+ 41.Ka2 Qf5 42.Qh8 Kb8
43.b4 e5 44.Nd5 Bf8 45.Kb2 e4 46.Ne5 Qe6 47.Ne7 Qd6 48.N7c6+ Kc7 49.Qh7+ Bd7
50.Kc3 e3 51.Nxd7 Qxd7 52.Qxd7+ Kxd7 53.b5 Kd6 54.Kd3 Kc5 55.c4 e2 56.Kxe2 Kxc4
57.b6 Kd5 58.b7 Bd6 59.b8=Q Bxb8 60.Nxb8  1/2-1/2

[Event "Bern op"]
[Site "Bern"]
[Date "1994.??.??"]
[Round "3"]
[White "Gallagher, Joseph G"]
[Black "Licina, Anita"]
[Result "0-1"]
[WhiteElo "2485"]
[BlackElo "2125"]

1.e4 c5 2.Nf3 Nc6 3.d4 cxd4 4.Nxd4 Nf6 5.Nc3 d6 6.Bg5 e6 7.Qd2 Be7 8.O-O-O O-O
9.Nb3 a6 10.Bxf6 gxf6 11.Bd3 Kh8 12.f4 Rg8 13.Qe2 b5 14.e5 d5 15.exf6 Bxf6
16.Ne4 Qc7 17.Nxf6 Qxf4+ 18.Kb1 Qxf6 19.Rhf1 Qg7 20.g4 e5 21.Bf5 Ne7 22.Nc5 Bxf5
23.gxf5 f6 24.a3 Qg4 25.Qxg4 Rxg4 26.Nd7 Rd8 27.Nxf6 Rh4 28.h3 Rxh3 29.Ng4 e4
30.Ne5 Kg8 31.Rg1+ Kf8 32.Rdf1 Rh5 33.Ng4 Kf7 34.c3 Nc6 35.Ne3 Ne5 36.f6 Nf3
37.Rh1 Nd2+ 38.Kc2 Nxf1 39.Rxh5 Nxe3+ 40.Kd2 Ng4 41.Rxh7+ Kxf6 42.Ra7 Rd6
43.Ke2 Ke5 44.Rg7 Nf6 45.Ke3 Rd7 46.Rg5+ Ke6 47.Kf4 Ne8 48.Re5+ Kf6  0-1

[Event "Bern op"]
[Site "Bern"]
[Date "1994.??.??"]
[Round "7"]
[White "Ziatdinov, Raset"]
[Black "Lerner, Konstantin Z"]
[Result "1/2-1/2"]
[WhiteElo "2450"]
[BlackElo "2555"]

1.e4 c5 2.Nf3 d6 3.d4 cxd4 4.Nxd4 Nf6 5.Nc3 Nc6 6.Bg5 e6 7.Qd2 a6 8.O-O-O h6
9.Bh4 Nxe4 10.Qf4 Ng5 11.Nxc6 bxc6 12.Qa4 Qb6 13.f4 Nh7 14.f5 Rb8 15.fxe6 Bxe6
16.Bc4 Be7 17.Bxe6 fxe6 18.Bxe7 Kxe7 19.Qg4 Qe3+ 20.Rd2 Rhf8 21.Qxg7+ Rf7
22.Qd4 Qxd4 23.Rxd4 Nf6 24.Rc4 c5 25.Ra4 Rb6 26.Re1 Rg7 27.g3 h5 28.Rf1 Rg4
29.Raf4 Rxf4 30.Rxf4 Rb4 31.Rxb4 cxb4 32.Ne2 e5 33.Kd2 Ng4 34.h3 Nf2 35.h4 d5
36.c3 bxc3+ 37.Kxc3 Nd1+ 38.Kc2 Ne3+ 39.Kd3 Nf5 40.b4 Kd6 41.a4 e4+ 42.Kc3 Ke5
43.b5 axb5 44.axb5 d4+ 45.Kd2 Nd6 46.Nf4 Nc4+ 47.Ke2 Kf5 48.Nd5 d3+ 49.Ke1 Kg4
50.b6 Nxb6 51.Nxb6 Kxg3 52.Nc4 Kxh4 53.Nd6 Kg4 54.Nxe4 Kf3 55.Nf2 d2+ 56.Kf1 h4
57.Nd1 h3 58.Kg1 Ke2 59.Nb2 h2+  1/2-1/2